[Event "Santiago CALF op"]
[Site "Santiago de Chile"]
[Date "2003.04.26"]
[Round "6.14"]
[White "Henriquez, Oscar"]
[Black "Atenas, Hugo"]
[Result "0-1"]
[WhiteElo "1471"]
[BlackElo "1763"]
[PlyCount "46"]
[EventDate "2003.??.??"]
[EventType "swiss"]
[EventRounds "9"]
[EventCountry "CHI"]
[SourceTitle "EXT 2004"]
[Source "ChessBase"]
[SourceDate "2003.11.25"]
[SourceVersion "1"]
[SourceVersionDate "2003.11.25"]
[SourceQuality "1"]

1. d4 d5 2. c4 e6 3. Nf3 Nf6 4. Nc3 Nbd7 5. e3 Be7 6. cxd5 exd5 7. Bd3 0-0 8. 0-0 c5 9. Bf5 cxd4 10. exd4 Nb6 11. Bxc8 Rxc8 12. Be3 Bb4 13. Rc1 h6 14. Qb3 Bxc3 15. Rxc3 Rxc3 16. Qxc3 Nc4 17. Rc1 Qd6 18. Ne5 Nxe3 19. fxe3 Ne4 20. Qc7 Qf6 21. Rf1 Qg5 22. Rxf7 Qxe3+ 23. Kf1 Nd2# 0-1

[Event "Santiago CALF op"]
[Site "Santiago de Chile"]
[Date "2003.??.??"]
[Round "2.12"]
[White "Mardones Moncada, Alvaro"]
[Black "Atenas, Hugo"]
[Result "0-1"]
[WhiteElo "1924"]
[BlackElo "1762"]
[PlyCount "40"]
[EventDate "2003.??.??"]
[EventType "swiss"]
[EventRounds "9"]
[EventCountry "CHI"]
[SourceTitle "EXT 2004"]
[Source "ChessBase"]
[SourceDate "2003.11.25"]
[SourceVersion "1"]
[SourceVersionDate "2003.11.25"]
[SourceQuality "1"]

1. e4 e5 2. Nf3 Nc6 3. Bb5 d6 4. d4 exd4 5. Nxd4 Bd7 6. Nc3 Be7 7. 0-0 Nf6 8. Nxc6 bxc6 9. Bc4 0-0 10. f4 Nxe4 11. Nxe4 d5 12. Bd3 dxe4 13. Bxe4 f5 14. Bd3 c5 15. Be3 Bc6 16. Qe1 Kh8 17. Qf2 Qd5 18. Be2 Bh4 19. Qf3 Rae8 20. c4 Qe6 0-1